000 00762cam a22002174a 4500
999 _c12598
_d12598
003 OSt
005 20240612181222.0
008 071217s2007 it a bc 000 0dita d
010 _a 2007457367
020 _a9784887063204
100 1 _aAravena Mori, Alejandro.
245 1 0 _aAlejandro Aravena :
_bprogettare e costruire.
260 _aMilano :
_bElecta,
_cc2007.
300 _a199 p. :
_bchiefly ill. (some col.) ;
_c28 cm.
440 0 _aDocumenti di architettura ;
_v171
504 _aIncludes bibliographical references (p. 186-187).
600 1 0 _aAravena Mori, Alejandro
_vCatalogs.
650 0 _aArchitecture
_zChile
_xHistory
_y20th century
_vCatalogs.
650 0 _aArchitecture
_zChile
_xHistory
_y20th century
_vDesigns and plans
_vCatalogs.
942 _2ddc